Countries that claim parts of Antarctica - Statistics

General Stats
  • This quiz has been taken 33 times
  • The average score is 6 of 7
Answer Stats
Answer % Correct
United Kingdom
97%
Argentina
94%
Chile
94%
France
94%
Australia
90%
New Zealand
90%
Norway
81%
No matching quizzes found
Score Distribution
Percent of People with Each Score
Percentile by Number Answered
Your Score History
You have not taken this quiz